Statistics for 2023 IIHF World Juniors Championship Roster

Click here to take the quiz!

General Stats

  • This quiz has been taken 20 times
  • The average score is 23 of 229

Answer Stats

% Correct
CANF16Connor Bedard
100%
CANF11Dylan Guenther
78%
CANG1Thomas Milic
67%
CANF19Adam Fantilli
56%
CZED5David Jiricek
56%
CANF10Logan Stankoven
56%
USAD43Luke Hughes
56%
CANF15Shane Wright
56%
CZED14Stanislav Svozil
56%
USAF17Cutter Gauthier
44%
SVKF15Dalibor Dvorsky
44%
CANF9Joshua Roy
44%
SVKF20Libor Nemec
44%
USAF92Logan Cooley
44%
CANF8Owen Beck
44%
SVKD7Simon Nemec
44%
SVKG30Adam Gajan
33%
CANG29Benjamin Gaudreau
33%
FINF33Brad Lambert
33%
CAND5Brandt Clarke
33%
CAND24Ethan del Mastro
33%
SVKF10Filip Mesar
33%
CZEF25Jiri Kulich
33%
FINF37Joakim Kemell
33%
CZEF24Matyas Sapovaliv
33%
USAF2Rutger McGroarty
33%
CZEG30Tomas Suchanek
33%
USAG1Trey Augustine
33%
CAND4Tyson Hinds
33%
CANF20Zach Ostapchuk
33%
SVKF14Adam Sykora
22%
SVKF22Alex Ciernik
22%
SWED4Axel Sandin Pellikka
22%
CANF7Brennan Otthman
22%
CANF18Caeden Bankier
22%
USAF16Chaz Lucius
22%
AUTD5David Reinbacher
22%
CZED3David Spacek
22%
SWEF19Isek Rosen
22%
CAND27Jack Matier
22%
USAF18Jimmy Snuggerud
22%
USAG30Kaidan Mbereko
22%
CAND25Kevin Korchinski
22%
SWEF21Leo Carlsson
22%
CZEF16Marcel Marcel
22%
SVKG2Matej Marinov
22%
SVKD4Maxim Strbak
22%
CANF21Nathan Gaucher
22%
CAND2Nolan Allan
22%
CAND3Olen Zellweger
22%
SVKD12Pavel Funtek
22%
CANF12Reid Schaefer
22%
SVKF13Robert Baco
22%
SVKF18Servac Petrovsky
22%
SVKD3Simon Becar
22%
AUTF14Vinzenz Rohrer
22%
CANF14Zach Dean
22%
SWED8Adam Engstrom
11%
SVKF9Adam Zlnka
11%
SVKF28Alex Sotek
11%
SUIF17Attilio Biasca
11%
LATF11Dans Locmelis
11%
LATF19Darels Dukurs
11%
SVKD5David Natny
11%
USAF25Dylan Duke
11%
CZEF28Eduard Sale
11%
SWEF11Fabian Lysell
11%
SWEF10Fabian Wagner
11%
CZEF12Jakub Brabenec
11%
CZEF15Jakub Kos
11%
CZED4Jiri Tichacek
11%
SVKD6Jozef Kmec
11%
USAD20Lane Hutson
11%
GERD12Leon van der Linde
11%
SWEF20Liam Ohgren
11%
SVKF23Martin Misiak
11%
CZEF18Matous Mensik
11%
SUIF27Miles Muller
11%
SWEF12Noah Ostlund
11%
SVKF21Peter Repcik
11%
USAF19Red Savage
11%
GERF21Ryan del Monte
11%
SVKD16Simon Groch
11%
GERG29Simon Wolf
11%
CZED9Tomas Hamara
11%
CZEF11Adam Mechura
0%
GERD28Adrian Klein
0%
FING30Aku Koskenvuo
0%
FINF34Aleksanteri Kaskimaki
0%
FIND21Aleksi Heimosalmi
0%
FIND7Aleksi Malinen
0%
CZED6Ales Cech
0%
SUIG1Alessio Beglieri
0%
USAG31Andrew Oke
0%
LATF21Anri Ravinskis
0%
AUTD9Aron Summer
0%
AUTG1Benedikt Oschgan
0%
GERF15Bennet Rossmy
0%
LATD17Bogdans Hodass
0%
SUID9Brian Zanetti
0%
SWED7Calle Odelius
0%
SWEG35Carl Lindbom
0%
USAF28Charlie Stramel
0%
AUTD16Christoph Tialler
0%
CZEG1Daniel Kral
0%
LATD16Dario Mackevics
0%
SUID21Dario Sidler
0%
AUTF22David Cernik
0%
CZED8David Moravec
0%
LATD28Edgars Kazaks
0%
SWED2Elias Pettersson
0%
LATD24Elvis Laskovs
0%
LATF10Emils Veckaktins
0%
GERF19Eric Hordler
0%
SWEF18Filip Bystedt
0%
AUTF15Finn van Ee
0%
SVKF25Frantisek Dej
0%
CZEF27Gabriel Szturc
0%
USAF5Gavin Brindley
0%
LATF15Girts Silkalns
0%
SWEG1Ian Blomquist
0%
AUTF17Ian Scherzer
0%
AUTF2Jack Linton
0%
USAD23Jack Peart
0%
USAF9Jackson Blake
0%
AUTF26Jakob Engelhart
0%
SWED15Jakob Noren
0%
FING31Jani Lampinen
0%
FINF22Jani Nyman
0%
CZEF21Jaroslav Chmelar
0%
SUIF11Jeremy Jabola
0%
FIND2Jimi Suomi
0%
AUTF11Johannes Tschurnig
0%
AUTF23Jonas Dobnig
0%
SUIF10Jonas Taibel
0%
SWEF24Jonathan Lekkermaki
0%
GERF18Julian Lutz
0%
GERD27Julian Waser
0%
FIND6Kalle Ervasti
0%
FINF23Kalle Vaisanen
0%
LATG29Karlis Mezsargs
0%
USAF27Kenny Connors
0%
SUIG30Kevin Pasche
0%
LATF27Klavs Veinbergs
0%
FINF25Konsta Kapanen
0%
LATF25Kristians Samitis
0%
FINF15Lenni Hameenaho
0%
SUID20Lian Bichsel
0%
SUIF24Liekit Reichle
0%
LATG1Linards Lipskis
0%
SUIF16Livio Truog
0%
AUTD4Lorenz Lindner
0%
SUIF14Lorenzo Canonica
0%
SUIF13Louis Robin
0%
AUTF13Luca Auer
0%
SUID25Luca Deussen
0%
AUTF7Luca Erne
0%
GERF17Luca Hauf
0%
SWED9Ludvig Jansson
0%
AUTD3Lukas Horl
0%
USAD21Luke Mittelstadt
0%
SVKF26Marcel Stefancik
0%
SWEG30Marcus Brannman
0%
CZEF26Martin Rysavy
0%
LATF6Martins Lavins
0%
SUIG29Mathieu Croche
0%
SUIF8Mats Alge
0%
SUID28Maximilian Streule
0%
AUTF10Max Steigler
0%
AUTG30Michael Sicher
0%
SWEF25Milton Oscarson
0%
SUIF6Mischa Ramel
0%
SUIF19Nicholas Perrenoud
0%
SUID5Nick Meile
0%
GERG30Nikita Quapp
0%
FING1Niklas Kokko
0%
FINF29Niko Huuhtanen
0%
GERF13Nikolaus Heigl
0%
LATD4Niks Fenenko
0%
GERD5Nils Elten
0%
USAF8Noah Laba
0%
FINF27Oliver Kapanen
0%
CZEG29Oliver Satny
0%
SWEF27Oskar Pettersson
0%
FIND3Otto Salin
0%
AUTD28Patrick Sollinger
0%
SVKG1Patrik Andrisik
0%
LATG30Patriks Berzins
0%
LATF20Peteris Purmalis
0%
CZEF17Petr Hauser
0%
GERD22Philipp Bidoul
0%
GERF11Philipp Krening
0%
GERD4Philip Sinn
0%
GERF14Quirin Bader
0%
LATF14Rainers Darzins
0%
LATF7Rainers Rullers
0%
GERD2Rayan Bettahar
0%
GERG1Rihards Babulis
0%
LATD3Rihards Simanovics
0%
LATF12Roberts Cjunskis
0%
CZEF20Robin Sapousek
0%
GERF25Robin van Calster
0%
SUID4Rodwin Dionicio
0%
LATF23Rodzers Bukarts
0%
GERF24Roman Kechter
0%
USAD71Ryan Chesley
0%
USAD6Ryan Ufko
0%
FINF28Sami Paivarinta
0%
USAF22Sam Lipkin
0%
LATF22Sandis Vilmanis
0%
USAD12Sean Behrens
0%
GERF16Sebastian Cimmerman
0%
SWEF28Simon Robertsson
0%
AUTF27Stefan Klassek
0%
GERF23Thomas Heigl
0%
AUTG29Thomas Pfarrmaier
0%
AUTF21Tim Geifes
0%
SUIF23Tim Muggli
0%
AUTD12Tobias Sablattnig
0%
FIND10Topias Vilen
0%
FINF13Topi Ronni
0%
GERF20Veit Oswald
0%
FINF18Verner Miettinen
0%
SWED6Victor Sjoholm
0%
SWEF26Victor Stjernborg
0%
FINF24Ville Koivunen
0%
FIND4Ville Ruotsalainen
0%
SUID22Vincent Despont
0%
SWEF23William Stromgen
0%

Score Distribution

Percentile by Number Answered

Percent of People with Each Score

Your Score History

You have not taken this quiz